000 01351nab a22002297a 4500
999 _c6256
_d6256
003 OSt
005 20260128020758.0
008 190514b xxu||||| |||| 00| 0 spa d
040 _cPJ
100 _96967
_aCédola, Agustina
245 1 3 _aEl consentimiento informado de niños, niñas y adolescentes privados de cuidados parentales /
_b El consentimiento informado de niños, ninteracción entre el Código Civil y Comercial y la ley 26.529 sobre derechos del paciente en su relación con los profesionales e instituciones de la salud /
_cAgustina Cédola.
300 _ap. 63-75
500 _aCita: TR LALEY AR/DOC/2503/2025.
505 _aSumario: I. Introducción.— II. El deber alimentario derivado del matrimonio en el Cód. Civ. y Com.— III. La cuestión de los alimentos en el marco de las uniones convivenciales.— IV. Violencia económica y perspectiva de género: interacciones con la ley 26.485.— V. Conclusión.
505 _tSi te interesa el texto, comunicate a koha@justierradelfuego.gov.ar
650 0 _9967
_aDERECHO DE FAMILIA
650 0 _92741
_aDERECHOS DE LAS NIÑAS, NIÑOS Y ADOLESCENTES
650 0 _91253
_aDERECHO A LA SALUD
650 0 _94273
_aCONSENTIMIENTO INFORMADO
773 0 _02844
_93222
_dBuenos Aires : AbeledoPerrot, 1989-
_tDerecho de familia. N° 122 - Noviembre 2025
_z18511201
942 _2udc
_cANA